| 000 | 00748nam a2200205Ia 4500 | ||
|---|---|---|---|
| 003 | IN-BaIIA | ||
| 008 | 211028s9999 xx s 000 0 eng d | ||
| 020 | _a978-2-7598-1073-4 (Online) | ||
| 022 | _a1633-4760 (Print) | ||
| 022 | _a1638-1963 (Online) | ||
| 040 | _cIIA Library | ||
| 100 |
_aHennebelle, P., ed. _938239 |
||
| 245 | 0 |
_aRole and Mechanisms of Angular Momentum Transport During the Formation and Early Evolution of Stars Evry Schatzman School 2012 _h[eBook] |
|
| 260 |
_aFrance _bEDP Sciences _c2013 |
||
| 300 | _a362p. | ||
| 490 | _aEAS Publications Series | ||
| 700 |
_aCharbonnel, C. _938240 |
||
| 856 |
_uhttps://www.eas-journal.org/articles/eas/abs/2013/04/contents/contents.html _yClick Here to Access eBook |
||
| 942 | _cEB | ||
| 999 |
_c20656 _d20656 |
||